000 00598nam a2200241Ia 4500
003 OSt
005 20221005121322.0
006 a|||||r|||| 00| 0
007 ta
008 221004b |||||||| |||| 00| 0 tam d
024 _a50114
037 _cTextual
040 _aCRL
_cCRL
_btam
041 _2tam
_atam
082 _aO31,3N353,6, L7
100 _aAravalli Morri
_9630386
245 0 _aGunnar urangathu
260 _c1977
300 _a264p.
_ccm.
650 _aTAMIL LANGUAGE
942 _hO31,3N353,6, L7
_cTEXL
_2cc
999 _c1040753
_d1040753